Normal view MARC view
  • Supervisor:Dr. Arshad Azaz

Entry Personal Name

Number of records used in: 1

001 - CONTROL NUMBER

  • control field: 124426

003 - CONTROL NUMBER IDENTIFIER

  • control field: NUST

005 - DATE AND TIME OF LATEST TRANSACTION

  • control field: 20240711122812.0

008 - FIXED-LENGTH DATA ELEMENTS

  • fixed length control field: 240711|| aca||aabn | a|a d

040 ## - CATALOGING SOURCE

  • Original cataloging agency: NUST
  • Transcribing agency: NUST

100 ## - HEADING--PERSONAL NAME

  • Personal name: Supervisor:Dr. Arshad Azaz

670 ## - SOURCE DATA FOUND

  • Source citation: Work cat.: (NUST)535356: Kundi, Dur-e-Shahwar 29863, EFFICIENT HARDWARE IMPLEMENTATION OF CRYPTOGRAPHIC PRIMITIVES ON FIELD PROGRAMMABLE GATE ARRAY /, 2016.
© 2023 Central Library, National University of Sciences and Technology. All Rights Reserved.